01001nam a2200277Ia 4500008004100000020001800041040001800059041000800077060001100085100002900096245007400125250001100199260005100210300007800261504008400339650002700423650002600450650001600476650003000492650003100522700003400553700003200587700002700619700002800646765004900674130821s2009 sp ao gr spa  a9788498351934 aCo-BoUCMbspa00aspa00aWT 1501 aBerger, Kathleen Stassen10aPsicología del Desarrollo adultez y vejezcKathleen Stassen Berger a7a ed. aMadrid (España)bMédica Panamericanac2009 axix, 273 páginasbilustraciones, fotografías, graficas, tablas, color aIncluye epílogo, apendice, glosario, referencias bibliográficas e índice.04aAncianosxPsicología04aEmociones en la vejez04aGeriatría04aPsicoterapia geriátrica04aPsiquiatría geriátrica1 aBarni, María Ceciliaetrad.1 aLatrónico, Adrianaetrad.1 aMesher, Lilianaetrad.1 aScolari, Marianoetrad. tThe Developing Person. Through the Life Span